000 00928cam a2200277 i 4500
001 390888
003 ARRUPE
005 20160323143030.0
008 790910s1980 nyu b 001 0 eng
010 _a 79002598
020 _a0814717713 :
_c$15.00
020 _a0814717721 (pbk.) :
_c$6.95
040 _aDLC
_cDLC
_dDLC
050 0 0 _aPQ6601.R58
_bZ64
082 0 0 _a842/.9/14
100 1 _aDonahue, Thomas John,
_d1943-
_923386
245 1 4 _aThe theater of Fernando Arrabal :
_ba garden of earthly delights /
_cThomas John Donahue.
260 _aNew York :
_bNew York University Press,
_cc1980.
300 _a153 p. ;
_c24 cm.
490 0 _aThe Gotham library of the New York University Press
500 _aIncludes index.
504 _aBibliography: p. 147-150.
600 1 0 _aArrabal, Fernando
_xCriticism and interpretation.
_923387
906 _a7
_bcbc
_corignew
_d1
_eocip
_f19
_gy-gencatlg
942 _2lcc
_cMONOGRAPH
999 _c124485
_d124485